[Event "ITA-ch Seniors 50 44th"]
[Site "Macerata"]
[Date "2022.09.28"]
[Round "5"]
[White "Mazzetta, Renato"]
[Black "Giacometto, Mario"]
[Result "1/2-1/2"]
[WhiteElo "1842"]
[BlackElo "1861"]
[PlyCount "20"]
[EventDate "2022.09.25"]
[EventType "swiss"]
[EventRounds "9"]
[EventCountry "ITA"]
[SourceTitle "EXT 2024"]
[Source "ChessBase"]
[SourceDate "2023.10.10"]
[SourceVersion "1"]
[SourceVersionDate "2023.10.10"]
[SourceQuality "1"]

1. e4 e6 2. d4 d5 3. Bd3 dxe4 4. Bxe4 Nf6 5. Bf3 c5 6. Ne2 Nc6 7. Bxc6+ bxc6 8. 0-0 Be7 9. dxc5 Qxd1 10. Rxd1 Bxc5 1/2-1/2

[Event "Torino Sada op"]
[Site "Torino"]
[Date "2012.09.24"]
[Round "2"]
[White "Mazzetta, Renato"]
[Black "Ammirata, Achille"]
[Result "1-0"]
[WhiteElo "1942"]
[BlackElo "1440"]
[PlyCount "93"]
[EventDate "2012.09.17"]
[EventType "swiss"]
[EventRounds "7"]
[EventCountry "ITA"]
[SourceTitle "EXT 2018"]
[Source "ChessBase"]
[SourceDate "2017.10.13"]
[SourceVersion "1"]
[SourceVersionDate "2017.10.13"]
[SourceQuality "1"]

1. e4 e5 2. Nf3 Nc6 3. d4 exd4 4. Nxd4 Bc5 5. c3 d6 6. Be3 Qf6 7. Bb5 Nge7 8. 0-0 0-0 9. Nxc6 Bxe3 10. Nxe7+ Qxe7 11. fxe3 Qxe4 12. Qf3 Qe5 13. Bd3 d5 14. Nd2 c6 15. Qf4 Qh5 16. Nf3 f6 17. Qh4 Qxh4 18. Nxh4 Re8 19. Rae1 Bg4 20. e4 dxe4 21. Rxe4 Rxe4 22. Bxe4 Re8 23. Re1 Kf8 24. Kf2 Rd8 25. Nf3 c5 26. Bxh7 Kf7 27. Bc2 b6 28. Rd1 Re8 29. h3 Bc8 30. Nh4 Re5 31. Bg6+ Ke6 32. Re1 Rxe1 33. Kxe1 Ke5 34. Kf2 Be6 35. b3 Bd5 36. Ke3 f5 37. Bxf5 g5 38. Ng6+ Kxf5 39. Ne7+ Ke5 40. Nxd5 Kxd5 41. Kf3 Ke5 42. Kg4 Kf6 43. g3 b5 44. h4 gxh4 45. gxh4 a5 46. Kf4 b4 47. c4 1-0

[Event "Biella op-A 2nd"]
[Site "Biella"]
[Date "2011.09.26"]
[Round "5"]
[White "Pepino, Enrico"]
[Black "Mazzetta, Renato"]
[Result "1/2-1/2"]
[WhiteElo "2168"]
[BlackElo "1925"]
[PlyCount "22"]
[EventDate "2011.09.23"]
[EventType "swiss"]
[EventRounds "5"]
[EventCountry "ITA"]
[SourceTitle "CBM 144 Extra"]
[Source "ChessBase"]
[SourceDate "2011.10.28"]
[SourceVersion "1"]
[SourceVersionDate "2011.10.28"]
[SourceQuality "1"]

1. d4 d5 2. Nf3 Nf6 3. c4 c6 4. g3 Nbd7 5. Qc2 e6 6. Bg2 Be7 7. 0-0 0-0 8. Rd1 Qc7 9. Nbd2 Re8 10. b3 e5 11. dxe5 Nxe5 1/2-1/2

[Event "Biella op-A 2nd"]
[Site "Biella"]
[Date "2011.09.24"]
[Round "3"]
[White "Rambaldi, Francesco"]
[Black "Mazzetta, Renato"]
[Result "1-0"]
[WhiteElo "2176"]
[BlackElo "1925"]
[PlyCount "75"]
[EventDate "2011.09.23"]
[EventType "swiss"]
[EventRounds "5"]
[EventCountry "ITA"]
[SourceTitle "CBM 144 Extra"]
[Source "ChessBase"]
[SourceDate "2011.10.28"]
[SourceVersion "1"]
[SourceVersionDate "2011.10.28"]
[SourceQuality "1"]

1. c4 c6 2. Nc3 d5 3. d4 Nf6 4. Qb3 e6 5. Nf3 Nbd7 6. Bg5 Qb6 7. c5 Qxb3 8. axb3 g6 9. e3 Bg7 10. b4 0-0 11. Be2 Re8 12. Bf4 e5 13. Nxe5 Nxe5 14. Bxe5 Ne4 15. Bxg7 Nxc3 16. bxc3 Kxg7 17. 0-0 Be6 18. Bd3 a6 19. f3 f5 20. Kf2 Rad8 21. h4 h5 22. g3 Rd7 23. Rac1 Rde7 24. Rfe1 Kf6 25. Rc2 Kg7 26. Rce2 Bd7 27. Kg2 Be6 28. Kg1 Bd7 29. e4 fxe4 30. fxe4 Bg4 31. Re3 dxe4 32. Rxe4 Rxe4 33. Rxe4 Rxe4 34. Bxe4 Be6 35. Kf2 Kf6 36. Ke3 Bc4 37. Kf4 Bb3 38. Bf3 1-0

[Event "Biella op-A 2nd"]
[Site "Biella"]
[Date "2011.09.23"]
[Round "1"]
[White "Gromovs, Sergejs"]
[Black "Mazzetta, Renato"]
[Result "0-1"]
[WhiteElo "2297"]
[BlackElo "1925"]
[PlyCount "84"]
[EventDate "2011.09.23"]
[EventType "swiss"]
[EventRounds "5"]
[EventCountry "ITA"]
[SourceTitle "CBM 144 Extra"]
[Source "ChessBase"]
[SourceDate "2011.10.28"]
[SourceVersion "1"]
[SourceVersionDate "2011.10.28"]
[SourceQuality "1"]

1. d4 d5 2. c4 c6 3. Nc3 Nf6 4. Nf3 e6 5. Bg5 Be7 6. e3 Nbd7 7. Qc2 0-0 8. a3 Re8 9. h3 Qc7 10. Bd3 dxc4 11. Bxc4 Nb6 12. Ba2 Nbd5 13. 0-0 Nxc3 14. bxc3 c5 15. Ne5 Nd5 16. Nxf7 Kxf7 17. Qxh7 Bxg5 18. Qh5+ g6 19. Qxg5 Nxc3 20. Bc4 Ne4 21. Qh4 Nf6 22. f4 Kg7 23. Bd3 Rh8 24. Qg5 Qf7 25. Qxc5 b6 26. Qe5 Rh5 27. Rac1 Rxe5 28. fxe5 Nd5 29. Rxf7+ Kxf7 30. Rf1+ Kg7 31. e4 Ne7 32. Rc1 a5 33. Rc7 Kf8 34. h4 Ba6 35. Bxa6 Rxa6 36. g4 b5 37. h5 gxh5 38. gxh5 b4 39. axb4 axb4 40. h6 Ng6 41. Rb7 Ra3 42. Kf2 Rh3 0-1

[Event "Condino op"]
[Site "Condino"]
[Date "2010.07.30"]
[Round "7"]
[White "Pichler, Christoph"]
[Black "Mazzetta, Renato"]
[Result "1-0"]
[WhiteElo "1867"]
[BlackElo "1929"]
[PlyCount "103"]
[EventDate "2010.07.26"]
[EventType "swiss"]
[EventRounds "7"]
[EventCountry "ITA"]
[SourceTitle "CBM 137 Extra"]
[Source "ChessBase"]
[SourceDate "2010.09.01"]
[SourceVersion "1"]
[SourceVersionDate "2010.09.01"]
[SourceQuality "1"]

1. e4 d5 2. exd5 Qxd5 3. Nc3 Qd6 4. d4 Nf6 5. Nf3 Bg4 6. h3 Bh5 7. Bc4 c6 8. g4 Bg6 9. Ne5 e6 10. Bf4 Qb4 11. Bb3 Nd5 12. a3 Qa5 13. Bd2 Qb6 14. Nxd5 cxd5 15. Bc3 Bd6 16. Qe2 Nc6 17. Nxg6 hxg6 18. Bxd5 Nxd4 19. Bxd4 Qxd4 20. Rd1 Qe5 21. Qxe5 Bxe5 22. Bxb7 Rb8 23. Bc6+ Kf8 24. b4 f5 25. Ke2 Bb2 26. Rd3 Kg8 27. c4 e5 28. Rhd1 f4 29. Be4 g5 30. Bg6 Bd4 31. c5 Rh6 32. Be4 Kf7 33. Rb3 Ke7 34. Rdb1 Kd7 35. a4 Kc7 36. a5 Rhh8 37. Bg2 Rhe8 38. Be4 Re7 39. b5 Bxc5 40. Rc3 Kd6 41. Rd1+ Bd4 42. Rc6+ Kd7 43. Rg6 Kd8 44. b6 axb6 45. axb6 Rd7 46. b7 Rc7 47. Rxg5 Ke8 48. Rd2 Kf8 49. Ra2 Rd7 50. Ra8 Rdd8 51. Rg6 Bc5 52. Re6 1-0

[Event "Livorno op 5th"]
[Site "Livorno"]
[Date "2009.06.26"]
[Round "1"]
[White "Pepino, Enrico"]
[Black "Mazzetta, Renato"]
[Result "0-1"]
[WhiteElo "2148"]
[BlackElo "1907"]
[PlyCount "81"]
[EventDate "2009.06.26"]
[EventType "swiss"]
[EventRounds "5"]
[EventCountry "ITA"]
[SourceTitle "EXT 2012"]
[Source "ChessBase"]
[SourceDate "2011.11.24"]
[SourceVersion "1"]
[SourceVersionDate "2011.11.24"]
[SourceQuality "1"]

1. e4 d5 2. exd5 Qxd5 3. Nc3 Qd6 4. d4 Nf6 5. Nf3 Bg4 6. Be2 c6 7. Be3 e6 8. Qd2 Qc7 9. h3 Bxf3 10. Bxf3 Nbd7 11. 0-0 Bd6 12. Rfe1 0-0 13. Rad1 Nd5 14. Nxd5 exd5 15. g3 f5 16. Bg5 Nf6 17. Bxf6 Rxf6 18. Re2 Raf8 19. Rde1 Rh6 20. Kg2 Qd8 21. Re6 Rxe6 22. Rxe6 Re8 23. Qe2 Kf7 24. Rxe8 Qxe8 25. Qd3 Qe6 26. b3 b5 27. Qd2 Bc7 28. c4 bxc4 29. bxc4 Qd6 30. cxd5 cxd5 31. Qc2 Ke6 32. Qe2+ Kf7 33. Qb5 Ke6 34. Qe8+ Kf6 35. Qa8 Bb6 36. Bxd5 Bxd4 37. Qg8 Qd7 38. Qf8+ Kg6 39. Bf3 Qe6 40. Qd8 Bb6 41. h4 0-1

[Event "Isola d'Elba op 27th"]
[Site "Capoliveri"]
[Date "2009.05.??"]
[Round "7"]
[White "Mazzetta, Renato"]
[Black "Bardelli, Alberto"]
[Result "1/2-1/2"]
[WhiteElo "1907"]
[BlackElo "1802"]
[PlyCount "64"]
[EventDate "2009.05.10"]
[EventType "swiss"]
[EventRounds "9"]
[EventCountry "ITA"]
[SourceTitle "EXT 2011"]
[Source "ChessBase"]
[SourceDate "2010.11.26"]
[SourceVersion "1"]
[SourceVersionDate "2010.11.26"]
[SourceQuality "1"]

1. e4 c5 2. Nc3 a6 3. g3 d6 4. Bg2 Nf6 5. h3 Nc6 6. d3 g6 7. Nge2 Bg7 8. f4 h5 9. 0-0 Bd7 10. f5 gxf5 11. exf5 Qc8 12. Na4 Qc7 13. Nac3 0-0-0 14. Nf4 Rdg8 15. Ncd5 Qd8 16. c3 Bxf5 17. Qa4 Nxd5 18. Nxd5 e6 19. Rxf5 exf5 20. Qf4 Ne7 21. Nxe7+ Qxe7 22. Qxf5+ Kb8 23. Bf4 Be5 24. Re1 Bd4+ 25. Kf1 Be5 26. d4 f6 27. dxe5 fxe5 28. Kg1 Qg7 29. Bd2 Qxg3 30. Qe4 Rg7 31. Re3 Qg5 32. Re2 Qg3 1/2-1/2